<?xml version="1.0" encoding="UTF-8"?>
<marc:record xmlns:marc="http://www.loc.gov/MARC21/slim">
   <marc:leader>00000nam a2200000 a 4500</marc:leader>
   <marc:datafield ind1="1" ind2=" " tag="100">
      <marc:subfield code="a">Universal Music GmbH</marc:subfield>
      <marc:subfield code="4">aut</marc:subfield>
      <marc:subfield code="e">Verfasser/-in</marc:subfield>
   </marc:datafield>
   <marc:datafield ind1=" " ind2=" " tag="653">
      <marc:subfield code="a">Hörfigur</marc:subfield>
   </marc:datafield>
   <marc:datafield ind1=" " ind2=" " tag="653">
      <marc:subfield code="a">Tonies</marc:subfield>
   </marc:datafield>
   <marc:datafield ind1="0" ind2="0" tag="245">
      <marc:subfield code="a">Toto und der Mann im Mond</marc:subfield>
   </marc:datafield>
   <marc:datafield ind1="0" ind2="0" tag="245">
      <marc:subfield code="c">Universal Music GmbH</marc:subfield>
   </marc:datafield>
   <marc:datafield ind1=" " ind2="1" tag="264">
      <marc:subfield code="a">Düsseldorf</marc:subfield>
      <marc:subfield code="b">Boxine GmbH</marc:subfield>
      <marc:subfield code="c">2023</marc:subfield>
   </marc:datafield>
   <marc:datafield ind1="1" ind2=" " tag="520">
      <marc:subfield code="a">Begleitet Toto und seine beste Freundin Mimi auf ihren traumhaft abenteuerlichen Reisen zum Mann im Mond! Jede Nacht fliegen die beiden in einer Rakete zum Mond. Dort besuchen sie nicht nur den Mann im Mond, sondern auch seine Frau Belatrix, Glühwürmchen Glow und das allsehende Fernrohr, mit dessen Hilfe sie in andere Zeiten und an spannende Orte reisen können! Toto und Mimi staunen, dass der Mann im Mond fast alle Fragen beantworten kann und sie lernen zum Beispiel, wie gut es sich anfühlt, wenn man sich nach einem Streit wieder versöhnt, wie man sich bei Regen, Blitz und Donner verhält und sogar, warum Meerschweinchen Luna auf dem Mond plötzlich riesengroß ist.</marc:subfield>
   </marc:datafield>
   <marc:datafield ind1=" " ind2=" " tag="500">
      <marc:subfield code="a">Hörfigur für die Toniebox</marc:subfield>
   </marc:datafield>
   <marc:datafield ind1="0" ind2=" " tag="490">
      <marc:subfield code="v">0</marc:subfield>
   </marc:datafield>
   <marc:datafield ind1=" " ind2=" " tag="300">
      <marc:subfield code="a">68 Min.</marc:subfield>
   </marc:datafield>
</marc:record>
